|
|
|
|
| LEADER |
00000cam a2200000 i 4500 |
| 001 |
1/8966 |
| 008 |
970111s1989 gr | ||| |||| ||gre|| |
| 020 |
|
|
|a 9600402663
|
| 035 |
|
|
|l 10017297
|
| 040 |
|
|
|a GR-MyUa
|b gre
|e AACR2
|
| 041 |
0 |
|
|a gre
|
| 082 |
7 |
|
|a 480
|2 (23)
|
| 082 |
7 |
|
|a 489.3
|2 (22)
|
| 100 |
1 |
|
|a Thomson, George,
|d 1903-1987.
|
| 245 |
1 |
2 |
|a Η ελληνική γλώσσα :
|b αρχαία και νέα /
|c George Thomson.
|
| 250 |
|
|
|a 2η έκδ.
|
| 260 |
|
|
|a Αθήνα :
|b Κέδρος,
|c 1989.
|
| 300 |
|
|
|a 123 σ. :
|b πίν. ;
|c 21 εκ.
|
| 650 |
|
0 |
|a Greek language, Modern.
|
| 650 |
|
0 |
|a Greek language, Hellenistic (300 B.C.-600 A.D.)
|
| 852 |
|
|
|a INST
|b LESVOS
|e 19970111
|h 489.3 THO
|p 005100012039
|q 005100012039
|t BK
|y 0
|
| 852 |
|
|
|a INST
|b RHODES
|e 20000417
|h 480 THO
|p 005400013603
|q 005400013603
|t BK
|y 0
|
| 852 |
|
|
|a INST
|b SYROS
|e 20210714
|h 480 THO
|p 005500014128
|q 005500014128
|t BK
|y 0
|
| 901 |
|
|
|a BIBL4-2000-1
|
| 922 |
|
|
|a 4ΕΛΗ
|b 200004
|c ΒΙΒΛΙΟΘΗΚΗ
|
| 950 |
|
|
|a 140/1996-02-06
|
| 970 |
|
|
|a ΚΟΥΛΑΚΙΟΤΗ
|b ΛΙΤΣΑ
|z 2000/04/17
|